[Event "ICS rated blitz match"]
[Site "204.178.125.65"]
[Date "2000.10.13"]
[Round "?"]
[White "counterplay"]
[Black "Hossa"]
[Result "1-0"]
[WhiteElo "2829"]
[BlackElo "2599"]
[PlyCount "119"]
[EventDate "2000.??.??"]

1. d4 Nf6 2. c4 g6 3. Nc3 Bg7 4. e4 d6 5. Nf3 O-O 6. Be2 e5 7. O-O exd4 8. Nxd4
Re8 9. f3 Nc6 10. Be3 Nxd4 11. Bxd4 Be6 12. Qd2 Nd7 13. Bxg7 Kxg7 14. f4 f5 15.
exf5 Bxf5 16. Bf3 Rb8 17. Qd4+ Qf6 18. Qxa7 Nc5 19. Qa5 Qd4+ 20. Kh1 Rbc8 21.
Nb5 Qxb2 22. Nxc7 Rf8 23. Qb5 Qd4 24. Qb6 Bd3 25. Rfd1 Kh8 26. Nd5 Rc6 27. Qb5
Bxc4 28. Rxd4 Bxb5 29. Nc3 Nb3 30. Nxb5 Nxa1 31. Bxc6 bxc6 32. Nxd6 Nc2 33. Re4
Rf6 34. Nb7 g5 35. g3 gxf4 36. gxf4 Kg7 37. a4 Kg6 38. a5 Kf5 39. Ra4 Re6 40.
a6 Re1+ 41. Kg2 Re2+ 42. Kg3 Re3+ 43. Kf2 Kg4 44. f5+ Kg5 45. Nd6 Re7 46. a7
Rxa7 47. Rxa7 h5 48. Ra4 c5 49. Ra5 Nb4 50. Ke3 c4 51. h4+ Kf6 52. Nxc4 Kg7 53.
Ke4 Kf8 54. Ne5 Kg8 55. f6 Nc6 56. Nxc6 Kf8 57. Ne5 Kg8 58. Ra8+ Kh7 59. Kd4
Kh6 60. Rh8# {Hossa checkmated} 1-0

[Event "ICS rated blitz match"]
[Site "204.178.125.65"]
[Date "2000.10.13"]
[Round "?"]
[White "Hossa"]
[Black "counterplay"]
[Result "0-1"]
[WhiteElo "2592"]
[BlackElo "2836"]
[PlyCount "78"]
[EventDate "2000.??.??"]

1. e4 e6 2. Nf3 c5 3. Nc3 d6 4. Bb5+ Bd7 5. Bc4 Nf6 6. O-O Be7 7. e5 dxe5 8.
Nxe5 Nc6 9. Nxd7 Nxd7 10. a3 Nde5 11. Ba2 O-O 12. d3 Qc7 13. f4 Nd7 14. f5 exf5
15. Kh1 Qe5 16. Bf4 Qf6 17. Qf3 Nb6 18. Rf2 Kh8 19. Re1 Rae8 20. Bd2 g6 21. Nb5
Kg8 22. Bh6 Ne5 23. Qxb7 Ng4 24. Rfe2 Nxh6 25. Rxe7 Rxe7 26. Qxe7 Qxb2 27. Bb3
a6 28. Qxc5 axb5 29. Qxb6 Qc3 30. Rc1 Ng4 31. Qxb5 Qd4 32. g3 Qf2 33. Bxf7+
Rxf7 34. Qb8+ Kg7 35. Qb2+ Kh6 36. c4 Qxb2 37. Rc2 Qxc2 38. Kg1 Qxh2+ 39. Kf1
Qf2# {Hossa checkmated} 0-1

[Event "ICS rated standard match"]
[Site "204.178.125.65"]
[Date "2000.10.13"]
[Round "?"]
[White "counterplay"]
[Black "Hossa"]
[Result "0-1"]
[WhiteElo "2598"]
[BlackElo "2388"]
[PlyCount "107"]
[EventDate "2000.??.??"]

1. e4 c5 2. Nf3 d6 3. d4 cxd4 4. Nxd4 e5 5. Nf3 Nf6 6. Bc4 Be7 7. O-O O-O 8.
Nc3 Be6 9. Bxe6 fxe6 10. a3 Nc6 11. b4 Rc8 12. Qd3 a6 13. Bb2 Qd7 14. Rad1 b5
15. Rd2 Nh5 16. Ne2 Qb7 17. Re1 Nd8 18. Qe3 Nf7 19. Nc3 Bd8 20. Qe2 Nf4 21. Qf1
Bb6 22. Kh1 Rc4 23. g3 Ng6 24. Qd3 Rfc8 25. Nb1 Qc6 26. c3 Qd7 27. Ree2 Qa7 28.
a4 bxa4 29. Ba1 a5 30. Na3 R4c6 31. b5 Rc5 32. Qc2 Qe7 33. Rd3 d5 34. exd5 exd5
35. Qxa4 Qf6 36. Ne1 Qf5 37. Qb3 e4 38. Rd1 Ng5 39. Nac2 Rc4 40. Ne3 Bxe3 41.
g4 Qxg4 42. Rxe3 Nh3 43. Rxh3 Qxh3 44. Ng2 Ne5 45. Qa3 Ng4 46. Qd6 Nxf2+ 47.
Kg1 Nxd1 48. Qxd5+ Kh8 49. Qxd1 R4c5 50. Qf1 Rh5 51. Qf4 Rd8 52. Ne3 Rxb5 53.
Kf2 Rb1 54. Ke2 {counterplay resigns} 0-1

[Event "ICS rated blitz match"]
[Site "204.178.125.65"]
[Date "2000.10.13"]
[Round "?"]
[White "darthweber"]
[Black "Hossa"]
[Result "0-1"]
[WhiteElo "2230"]
[BlackElo "2586"]
[PlyCount "80"]
[EventDate "2000.??.??"]

1. Nf3 Nf6 2. g3 d5 3. Bg2 c5 4. O-O Nc6 5. d3 e5 6. Nbd2 Bd6 7. e4 dxe4 8.
dxe4 O-O 9. c3 b5 10. a4 Rb8 11. axb5 Rxb5 12. Qe2 Ra5 13. Rxa5 Nxa5 14. Rd1
Qb6 15. Nc4 Nxc4 16. Qxc4 Be6 17. Qe2 Bb3 18. Re1 Bc7 19. Bg5 h6 20. Bxf6 Qxf6
21. Ra1 Bb6 22. Nd2 Be6 23. Qb5 Rd8 24. Nc4 Bxc4 25. Qxc4 Rd2 26. Rf1 Rxb2 27.
f4 exf4 28. Rxf4 Qe7 29. h3 Bc7 30. Rf3 Rd2 31. h4 Rd1+ 32. Bf1 a5 33. Kg2 Rd2+
34. Rf2 Rxf2+ 35. Kxf2 g5 36. h5 Qe5 37. Qd3 g4 38. Bg2 c4 39. Qe3 Qxh5 40. Qa7
Qe5 {darthweber resigns} 0-1

[Event "ICS rated blitz match"]
[Site "204.178.125.65"]
[Date "2000.10.13"]
[Round "?"]
[White "Hossa"]
[Black "darthweber"]
[Result "1-0"]
[WhiteElo "2590"]
[BlackElo "2226"]
[PlyCount "67"]
[EventDate "2000.??.??"]

1. e4 c5 2. Nf3 d6 3. Bc4 Nf6 4. Nc3 e6 5. d4 cxd4 6. Nxd4 a6 7. O-O b5 8. Bd3
Be7 9. Qf3 Bb7 10. a4 b4 11. Na2 Nbd7 12. Nxb4 Qb6 13. c3 Ne5 14. Qg3 Nxd3 15.
Nxd3 Nxe4 16. Qxg7 Bf6 17. Qh6 Ke7 18. Be3 Qc7 19. f3 Nc5 20. Nxc5 dxc5 21. Nb3
Be5 22. Nxc5 Bd5 23. Rac1 Rag8 24. Nxa6 Qb7 25. Nb4 Rg6 26. Bc5+ Ke8 27. Qe3
Rhg8 28. Rf2 Bxf3 29. Qxf3 Qxf3 30. Rxf3 Rxg2+ 31. Kf1 Rxh2 32. Nd3 Bc7 33. b4
e5 34. Nf2 {darthweber resigns} 1-0

[Event "ICS rated blitz match"]
[Site "204.178.125.65"]
[Date "2000.10.13"]
[Round "?"]
[White "Hossa"]
[Black "HaraldLdahl"]
[Result "1-0"]
[WhiteElo "2597"]
[BlackElo "2234"]
[PlyCount "89"]
[EventDate "2000.??.??"]

1. e4 Nf6 2. Bc4 Nxe4 3. Nf3 d5 4. Be2 e6 5. O-O Be7 6. d4 O-O 7. Bf4 b6 8. Nc3
Nxc3 9. bxc3 Ba6 10. Bxa6 Nxa6 11. Qe2 Nb8 12. Ne5 Bd6 13. Qg4 Bxe5 14. Bxe5 g6
15. Qf4 Nd7 16. Bxc7 Qc8 17. Rac1 Qb7 18. Bd6 Rfc8 19. Qh6 Rc6 20. Bb4 a5 21.
Ba3 Rxc3 22. Bb2 Rc6 23. c3 Rac8 24. Rb1 Qa6 25. Rfd1 b5 26. Rd3 f5 27. Rh3 Nf6
28. Re1 Qb7 29. Qe3 Qf7 30. Qe2 Rc4 31. Qxe6 Qxe6 32. Rxe6 R4c6 33. Rhe3 b4 34.
cxb4 axb4 35. Rxc6 Rxc6 36. Rb3 Rc4 37. f3 f4 38. Kf1 Ne8 39. h3 Nd6 40. a3
bxa3 41. Bxa3 Nf5 42. Rb8+ Kg7 43. Rb4 Rxb4 44. Bxb4 Nxd4 45. Bc3 {
HaraldLdahl resigns} 1-0

[Event "ICS Rated blitz match"]
[Site "204.178.125.65"]
[Date "2000.10.13"]
[Round "?"]
[White "Hossa"]
[Black "Motoman"]
[Result "1-0"]
[WhiteElo "2601"]
[BlackElo "2047"]
[PlyCount "59"]
[EventDate "2000.??.??"]

1. e4 e6 2. d4 d5 3. Nc3 Bb4 4. e5 Qd7 5. Bd2 b6 6. Bd3 Ba6 7. Bxa6 Nxa6 8. Qg4
Bf8 9. O-O-O O-O-O 10. Qe2 Kb7 11. Bg5 Be7 12. Qg4 Bxg5+ 13. Qxg5 g6 14. Nf3 h6
15. Qf4 c5 16. h4 Rh7 17. dxc5 bxc5 18. Ne4 Ka8 19. Qe3 Rc8 20. Nd6 Rc6 21. Kb1
Ne7 22. h5 g5 23. Qd3 Rg7 24. Qc3 Nc8 25. Ne4 Qb7 26. Nf6 Nb6 27. Ne8 Rh7 28.
Nd6 Qc7 29. Qd3 Rh8 30. Qxa6 {Motoman resigns} 1-0

[Event "ICS rated blitz match"]
[Site "204.178.125.65"]
[Date "2000.10.13"]
[Round "?"]
[White "cfd"]
[Black "Hossa"]
[Result "0-1"]
[WhiteElo "2233"]
[BlackElo "2602"]
[PlyCount "58"]
[EventDate "2000.??.??"]

1. d4 Nf6 2. e3 g6 3. Nf3 Bg7 4. c4 d5 5. c5 b6 6. cxb6 axb6 7. b3 O-O 8. Bb2
Bf5 9. Nc3 c6 10. Be2 Nbd7 11. O-O Ne4 12. Nxe4 Bxe4 13. Nd2 Bf5 14. f3 Nc5 15.
Nb1 Nb7 16. Nc3 Qd7 17. g4 Be6 18. h3 Qc7 19. Kg2 Rfd8 20. f4 Nd6 21. Bd3 Bd7
22. Qe2 Ra7 23. Rf2 Bf6 24. Kg3 Qb8 25. h4 Bg7 26. Rh1 Qc7 27. h5 g5 28. fxg5
Ne4+ 29. Kh4 Qg3# {cfd checkmated} 0-1

[Event "ICS Rated standard match"]
[Site "204.178.125.65"]
[Date "2000.10.13"]
[Round "?"]
[White "Hossa"]
[Black "Colorado"]
[Result "0-1"]
[WhiteElo "2413"]
[BlackElo "2456"]
[PlyCount "69"]
[EventDate "2000.??.??"]

1. e4 e5 2. Nc3 Nf6 3. Nf3 Nc6 4. d4 exd4 5. Nxd4 Bb4 6. Nxc6 bxc6 7. Bd3 d5 8.
e5 Ng4 9. Bf4 d4 10. Qf3 dxc3 11. O-O-O Rb8 12. Bf5 cxb2+ 13. Kb1 Bxf5 14.
Rxd8+ Rxd8 15. h3 Nxf2 16. Qxf2 Rd5 17. Qxa7 O-O 18. Qxc7 Rc5 19. Kxb2 Bc3+ 20.
Kc1 Ba5 21. Qd6 Rxc2+ 22. Kd1 Rxg2 23. Bg5 Rxg5 24. Ke2 Be4 25. Rh2 Rd8 26. Qc5
Rd5 27. Qa7 Rgxe5 28. Qb8+ Bd8 29. Kf1 Bd3+ 30. Kg1 Re1+ 31. Kg2 Re2+ 32. Kf3
Rf5+ 33. Qf4 Rxf4+ 34. Kxf4 Rxh2 35. Ke5 {Hossa resigns} 0-1

[Event "ICS rated blitz match"]
[Site "204.178.125.65"]
[Date "2000.10.13"]
[Round "?"]
[White "Varguz"]
[Black "Hossa"]
[Result "1-0"]
[WhiteElo "2720"]
[BlackElo "2605"]
[PlyCount "115"]
[EventDate "2000.??.??"]

1. e4 e5 2. Nc3 Nf6 3. g3 Bc5 4. Bg2 O-O 5. d3 Re8 6. Nge2 c6 7. O-O d5 8. exd5
Nxd5 9. Kh1 Na6 10. Nxd5 cxd5 11. d4 exd4 12. Nxd4 Nc7 13. Kg1 Qf6 14. c3 Bd7
15. Be3 Qg6 16. Qb3 Bxd4 17. Bxd4 Bc6 18. Rae1 Bb5 19. Rxe8+ Rxe8 20. Rd1 Qc6
21. Qc2 Qc4 22. b3 Qe2 23. Qxe2 Bxe2 24. Re1 b6 25. f4 f6 26. a4 Kf7 27. a5
bxa5 28. Bxa7 Bg4 29. Rxe8 Kxe8 30. Bb6 Kd7 31. Bxa5 Be6 32. Kf2 Nb5 33. Ke3
Nd6 34. Kd4 Kc6 35. Bb4 Nf5+ 36. Kd3 g5 37. c4 gxf4 38. gxf4 Nh4 39. Bh1 Bf7
40. Bc3 Ng6 41. Bxf6 Nxf4+ 42. Ke3 Nh5 43. Bb2 Kd6 44. Bxd5 Bxd5 45. cxd5 Ke7
46. b4 Kd6 47. Ke4 Ke7 48. b5 Kd7 49. b6 Kc8 50. d6 h6 51. Kf5 Kd7 52. b7 Kc6
53. b8=Q Kc5 54. d7 Ng3+ 55. hxg3 h5 56. d8=Q h4 57. Ba3+ Kc6 58. Qbb6# {
Hossa checkmated} 1-0

[Event "ICS rated blitz match"]
[Site "204.178.125.65"]
[Date "2000.10.13"]
[Round "?"]
[White "Hossa"]
[Black "QueenMaxima"]
[Result "1-0"]
[WhiteElo "2594"]
[BlackElo "2645"]
[PlyCount "137"]
[EventDate "2000.??.??"]

1. e4 c5 2. Nf3 e6 3. d4 cxd4 4. Nxd4 Nc6 5. Nc3 Qc7 6. g3 Nf6 7. Ndb5 Qb8 8.
Bg2 a6 9. Nd4 Nxd4 10. Qxd4 b6 11. Na4 Qc7 12. Nxb6 Rb8 13. Nxc8 Rxc8 14. c3 e5
15. Qd3 Qb7 16. O-O Bc5 17. Rb1 Qb5 18. Qxb5 axb5 19. Bg5 Ra8 20. Bxf6 gxf6 21.
a3 d6 22. Rfd1 Ke7 23. Bf1 Rhb8 24. b4 Bb6 25. Rb3 Rb7 26. Bxb5 Bxf2+ 27. Kxf2
Rxb5 28. c4 Rb6 29. b5 Ra4 30. Rc1 Rb8 31. Ke2 Rba8 32. Rcc3 Ke6 33. g4 Rb8 34.
Kd3 h5 35. gxh5 f5 36. exf5+ Kxf5 37. Rb2 Ke6 38. b6 Rb7 39. h6 Ra6 40. Ke3 f5
41. Rb5 Ra8 42. h4 Rg8 43. c5 d5 44. Kf2 d4 45. c6 Rxb6 46. h7 Rh8 47. Rxb6
dxc3 48. c7+ Kd7 49. Rb8 Kxc7 50. Rxh8 c2 51. Rc8+ Kxc8 52. h8=Q+ Kd7 53. Qh6
Kc7 54. Qc1 Kd6 55. Qxc2 f4 56. Qd2+ Ke6 57. Qxf4 exf4 58. Kf3 Kf5 59. a4 Ke5
60. h5 Kf5 61. a5 Kg5 62. a6 Kxh5 63. a7 Kg5 64. a8=Q Kf5 65. Qe8 Kf6 66. Kxf4
Kg7 67. Kg5 Kh7 68. Kf6 Kh6 69. Qh8# {QueenMaxima checkmated} 1-0

[Event "ICS rated blitz match"]
[Site "204.178.125.65"]
[Date "2000.10.13"]
[Round "?"]
[White "Hossa"]
[Black "FLAGGER"]
[Result "1-0"]
[WhiteElo "2612"]
[BlackElo "1964"]
[PlyCount "41"]
[EventDate "2000.??.??"]

1. e4 e6 2. d4 d5 3. Nd2 dxe4 4. Nxe4 Be7 5. Nf3 Nd7 6. Bd3 Ngf6 7. Nxf6+ Nxf6
8. O-O O-O 9. c3 b6 10. Qe2 Bb7 11. Bg5 h6 12. Be3 c5 13. Rfd1 cxd4 14. Bxd4
Qc7 15. Be5 Qc6 16. Qd2 Rfd8 17. Qf4 Rac8 18. Rd2 Nd5 19. Qe4 g6 20. Nd4 Qc5
21. Nxe6 {FLAGGER resigns} 1-0

[Event "ICS rated blitz match"]
[Site "204.178.125.65"]
[Date "2000.10.13"]
[Round "?"]
[White "FLAGGER"]
[Black "Hossa"]
[Result "0-1"]
[WhiteElo "1963"]
[BlackElo "2613"]
[PlyCount "88"]
[EventDate "2000.??.??"]

1. d4 Nf6 2. Nf3 e6 3. e3 b6 4. Be2 Bb7 5. Bd2 Be7 6. O-O Ne4 7. c4 a5 8. Nc3
Nxd2 9. Qxd2 d5 10. cxd5 exd5 11. Rac1 Nd7 12. a3 O-O 13. Rfd1 c6 14. Ne5 Nxe5
15. dxe5 Qb8 16. f4 Bc8 17. Bf3 Ra7 18. Qf2 Rc7 19. Ne2 Bc5 20. Nd4 a4 21. Qc2
Qa8 22. Rd2 Bd7 23. Rf2 Ra7 24. Rd1 Rd8 25. Rc1 Qb8 26. Rd1 Rc8 27. Rc1 Re8 28.
Rd1 Qc7 29. Rc1 Qd8 30. Rcf1 Qh4 31. Qd2 Rb7 32. g3 Qh3 33. Bg2 Qh5 34. Bf3 Qg6
35. Qc2 Qxc2 36. Rxc2 f6 37. exf6 Rxe3 38. Rd2 gxf6 39. Kg2 Rb8 40. Rff2 Kg7
41. h4 Rg8 42. Kh2 h5 43. Bxh5 Re4 44. Bf3 Rxd4 {FLAGGER resigns} 0-1

[Event "ICS rated blitz match"]
[Site "204.178.125.65"]
[Date "2000.10.13"]
[Round "?"]
[White "Hossa"]
[Black "FLAGGER"]
[Result "1-0"]
[WhiteElo "2614"]
[BlackElo "1962"]
[PlyCount "93"]
[EventDate "2000.??.??"]

1. e4 e6 2. d4 d5 3. Nd2 dxe4 4. Nxe4 Be7 5. Nf3 Nd7 6. Bd3 Ngf6 7. Nxf6+ Nxf6
8. O-O O-O 9. c3 b6 10. Qe2 Bb7 11. Be3 c5 12. Rad1 cxd4 13. Bxd4 Qc7 14. Be5
Qc6 15. Qc2 h6 16. Bxf6 Bxf6 17. Rfe1 Rfd8 18. Bh7+ Kf8 19. Be4 Qc7 20. Bxb7
Qxb7 21. Qh7 Ke7 22. Rf1 Rac8 23. a4 Qc6 24. a5 b5 25. Rd2 a6 26. Re1 Rd7 27.
Red1 Rcd8 28. Rxd7+ Rxd7 29. Re1 Qd5 30. Qb1 Qc4 31. Re4 Qd3 32. Qxd3 Rxd3 33.
Kf1 Rd6 34. Ke2 Kd7 35. Re3 Kc6 36. Rd3 Rxd3 37. Kxd3 Kd5 38. Nd2 Be7 39. g3
Bc5 40. Ne4 f5 41. Nxc5 Kxc5 42. f4 Kd5 43. b3 g5 44. c4+ Kc5 45. cxb5 Kxb5 46.
fxg5 h5 47. g6 {FLAGGER resigns} 1-0

[Event "ICS rated blitz match"]
[Site "204.178.125.65"]
[Date "2000.10.14"]
[Round "?"]
[White "Varguz"]
[Black "Hossa"]
[Result "1-0"]
[WhiteElo "2731"]
[BlackElo "2615"]
[PlyCount "141"]
[EventDate "2000.??.??"]

1. c4 Nf6 2. Nf3 g6 3. g3 Bg7 4. Nc3 d5 5. cxd5 Nxd5 6. Bg2 Nc6 7. O-O O-O 8.
Nxd5 Qxd5 9. d3 Bg4 10. Qa4 Qd7 11. Re1 Bh3 12. Bxh3 Qxh3 13. Bd2 Bf6 14. Qf4
Rfd8 15. Bc3 Rd6 16. Bxf6 exf6 17. Qc4 g5 18. Rac1 Rc8 19. Qb5 Rb8 20. Nd2 a6
21. Qc5 f5 22. a4 Re8 23. Nf3 f6 24. b4 Rde6 25. b5 axb5 26. axb5 Ne5 27. Nxe5
fxe5 28. Qd5 Kh8 29. Rxc7 Rh6 30. Qh1 Rb8 31. Re7 e4 32. dxe4 fxe4 33. Rxe4 Qf5
34. Qf3 Qxf3 35. exf3 Rf6 36. f4 Rbf8 37. Re7 Rb6 38. Rd1 gxf4 39. Rdd7 Rh6 40.
Rxb7 f3 41. b6 Rd8 42. h4 Rd1+ 43. Kh2 Rd8 44. Kh3 Rf8 45. Rbc7 Rb8 46. b7 Rd6
47. Rc8+ Rd8 48. Rec7 Rg8 49. Rxb8 Rxb8 50. Rc8+ Rxc8 51. bxc8=Q+ Kg7 52. Qb7+
Kf6 53. Qxf3+ Ke5 54. Qe3+ Kd5 55. Qd3+ Kc5 56. Qxh7 Kd5 57. Qe4+ Kxe4 58. f4
Kf5 59. h5 Kf6 60. g4 Kg7 61. f5 Kf8 62. f6 Kf7 63. g5 Ke6 64. h6 Kf7 65. h7
Ke6 66. h8=Q Kd5 67. f7 Kc4 68. f8=Q Kd5 69. Qc3 Ke6 70. Qc4+ Ke5 71. Qf6# {
Hossa checkmated} 1-0

[Event "ICS rated blitz match"]
[Site "204.178.125.65"]
[Date "2000.10.14"]
[Round "?"]
[White "Hossa"]
[Black "QueenMaxima"]
[Result "1-0"]
[WhiteElo "2604"]
[BlackElo "2599"]
[PlyCount "101"]
[EventDate "2000.??.??"]

1. e4 c5 2. Nf3 e6 3. d4 cxd4 4. Nxd4 Qh4 5. Nc3 Bb4 6. Bd3 Nf6 7. Ndb5 O-O 8.
g3 Qh3 9. Bf1 Qg4 10. Qxg4 Nxg4 11. Nc7 Bc5 12. Be2 Na6 13. Nxa8 Nxf2 14. Rf1
Nb4 15. Bd1 Nxd1 16. Kxd1 Bd6 17. Bf4 e5 18. Bd2 Bb8 19. a3 Na6 20. Nd5 Kh8 21.
b3 d6 22. Be3 b5 23. Nb4 f6 24. Nxa6 Bxa6 25. Bxa7 Bxa7 26. Nc7 Bc8 27. Nxb5
Bh3 28. Re1 Bf2 29. Re2 Bg4 30. Kd2 Bxe2 31. Kxe2 Bd4 32. c3 Rb8 33. a4 Bxc3
34. Nxc3 Rb4 35. a5 f5 36. a6 Rb8 37. a7 Ra8 38. Nd5 fxe4 39. Nc7 Rxa7 40. Rxa7
h5 41. Ra6 Kg8 42. Rxd6 Kf7 43. Re6 g5 44. b4 Kg7 45. b5 Kh7 46. b6 Kg7 47. b7
e3 48. b8=R Kh7 49. Rd8 g4 50. Rd7+ Kh8 51. Re8# {QueenMaxima checkmated} 1-0

[Event "ICS rated blitz match"]
[Site "204.178.125.65"]
[Date "2000.10.14"]
[Round "?"]
[White "QueenMaxima"]
[Black "Hossa"]
[Result "1-0"]
[WhiteElo "2583"]
[BlackElo "2620"]
[PlyCount "133"]
[EventDate "2000.??.??"]

1. e3 g6 2. Nc3 d5 3. b3 e5 4. Bb2 Bg7 5. Ba3 Nc6 6. e4 dxe4 7. Nxe4 Bf5 8. Nc5
Nd4 9. Rc1 b6 10. c3 bxc5 11. cxd4 cxd4 12. Qf3 Rc8 13. Ba6 Rb8 14. Qc6+ Qd7
15. Qxc7 Rb6 16. Be2 d3 17. g4 dxe2 18. gxf5 Qxc7 19. Rxc7 Ra6 20. Bc5 Rxa2 21.
fxg6 hxg6 22. Rxa7 Rb2 23. Kxe2 Rxb3 24. Nf3 Bf6 25. Re1 Rh3 26. Ra8+ Kd7 27.
Ng1 Rh8 28. Kf1 Rd3 29. Bb4 Rh4 30. Bc3 Ne7 31. h3 Nc6 32. Rb1 Bd8 33. Rb5 e4
34. Rb7+ Bc7 35. Bf6 Rh7 36. Bg5 Nd4 37. Bd8 Ne6 38. Bxc7 Kc6 39. Raa7 Rxd2 40.
Rb6+ Kc5 41. Ra5+ Kc4 42. Bd6 Rd1+ 43. Kg2 Rh5 44. Rb4+ Kd3 45. Ra3+ Kc2 46.
Ra2+ Kd3 47. Ne2 Rg5+ 48. Bg3 Rd5 49. Rb3+ Kc4 50. Rc3+ Kb5 51. Rb2+ Ka6 52.
Rc6+ Ka5 53. Nc3 R1d2 54. Rb7 Rf5 55. Nxe4 Rdd5 56. Nd6 Nc5 57. Ra7+ Kb4 58.
Rb6+ Kc3 59. Ra3+ Kc2 60. Nc4 Rxf2+ 61. Bxf2 Rg5+ 62. Kf1 Nd3 63. Ne3+ Kd2 64.
Rb1 Rg1+ 65. Bxg1 Nb2 66. Bf2 g5 67. Be1# {Hossa checkmated} 1-0

[Event "ICS rated blitz match"]
[Site "204.178.125.65"]
[Date "2000.10.14"]
[Round "?"]
[White "Hossa"]
[Black "DrVigilante"]
[Result "0-1"]
[WhiteElo "2602"]
[BlackElo "2851"]
[PlyCount "118"]
[EventDate "2000.??.??"]

1. e3 d5 2. c4 e5 3. cxd5 Qxd5 4. Nc3 Qd6 5. Nf3 Nc6 6. Bc4 h6 7. O-O Nf6 8. d4
e4 9. Nd2 Ng4 10. g3 f5 11. Be2 Nf6 12. Nc4 Qe7 13. d5 Ne5 14. Nb5 Nxc4 15.
Bxc4 Qd7 16. Qd4 a6 17. Qe5+ Kd8 18. Nd4 Bd6 19. Ne6+ Qxe6 20. Qxe6 Bxe6 21.
dxe6 b5 22. Bb3 c5 23. a4 c4 24. Bd1 Ke7 25. Bd2 Kxe6 26. Be2 Be5 27. Ra2 g6
28. Rfa1 Rad8 29. Rd1 Rh7 30. axb5 axb5 31. Ra6+ Rd6 32. Rxd6+ Kxd6 33. Bc3+
Ke6 34. Bxe5 Kxe5 35. Rd8 Ra7 36. Rb8 Ra5 37. Kg2 Nd7 38. Re8+ Kd5 39. Rd8 Kd6
40. Rh8 Ra2 41. Rxh6 Rxb2 42. Rxg6+ Kc7 43. Bh5 c3 44. Bd1 Rd2 45. Bb3 Nc5 46.
Rg7+ Kb6 47. Rg6+ Ka5 48. Rc6 Kb4 49. Rxc5 Kxc5 50. h3 Kb4 51. Be6 c2 52. Bxf5
c1=Q 53. h4 Qb2 54. Kh3 Rxf2 55. Kg4 Qg7+ 56. Kh3 Rxf5 57. Kh2 Qb2+ 58. Kh3 Qe2
59. h5 Rxh5# {Hossa checkmated} 0-1

[Event "ICS rated blitz match"]
[Site "204.178.125.65"]
[Date "2000.10.14"]
[Round "?"]
[White "Kiebutz"]
[Black "Hossa"]
[Result "0-1"]
[WhiteElo "2131"]
[BlackElo "2596"]
[PlyCount "30"]
[EventDate "2000.??.??"]

1. e4 c5 2. b3 d6 3. Bb2 Nf6 4. Bb5+ Nc6 5. Bxf6 gxf6 6. Qh5 Rg8 7. Ne2 Rg5 8.
Qxh7 Rg7 9. Qh8 f5 10. Nbc3 fxe4 11. Nxe4 Bf5 12. N2g3 Bxe4 13. Nxe4 Qb6 14.
Bd3 Rxg2 15. Ng3 c4 {Kiebutz resigns} 0-1

[Event "ICS rated blitz match"]
[Site "204.178.125.65"]
[Date "2000.10.14"]
[Round "?"]
[White "Hossa"]
[Black "cthornell"]
[Result "1-0"]
[WhiteElo "2598"]
[BlackElo "1928"]
[PlyCount "75"]
[EventDate "2000.??.??"]

1. e4 e6 2. d4 d5 3. Nd2 Nf6 4. e5 Nfd7 5. Bd3 c5 6. c3 Nc6 7. Ne2 Qb6 8. Nf3
cxd4 9. cxd4 f6 10. exf6 Nxf6 11. O-O Bd6 12. Nc3 O-O 13. Nb5 Bb8 14. Re1 Bd7
15. Nc3 Qd8 16. Bg5 Kh8 17. Qb3 b6 18. Rac1 h6 19. Bh4 Bf4 20. Ra1 Rc8 21. Ne5
Bxe5 22. dxe5 g5 23. Ba6 Rb8 24. Bg3 Nh5 25. Qd1 Nxg3 26. hxg3 Qe8 27. Qg4 Qg6
28. Qh3 Nb4 29. Be2 Nc2 30. Bh5 Qf5 31. Qxf5 Rxf5 32. Bg6 Nxa1 33. Bxf5 exf5
34. Rxa1 Be6 35. Nb5 a6 36. Nc7 Bg8 37. e6 Re8 38. Nxe8 {cthornell resigns} 1-0

[Event "ICS rated blitz match"]
[Site "204.178.125.65"]
[Date "2000.10.14"]
[Round "?"]
[White "nyul"]
[Black "Hossa"]
[Result "0-1"]
[WhiteElo "2196"]
[BlackElo "2599"]
[PlyCount "80"]
[EventDate "2000.??.??"]

1. e4 c5 2. c4 Nc6 3. d3 g6 4. Nc3 Bg7 5. Nf3 d6 6. Be3 Nh6 7. Qd2 Ng4 8. Bf4
e5 9. Bg3 Bh6 10. Qd1 f5 11. h3 Nf6 12. Bh4 O-O 13. Nd5 Qa5+ 14. Nd2 Nxd5 15.
exd5 Nd4 16. Be2 Bxd2+ 17. Qxd2 Nc2+ 18. Kd1 Qxd2+ 19. Kxd2 Nxa1 20. Be7 Re8
21. Bxd6 b6 22. f4 exf4 23. Rxa1 g5 24. h4 h6 25. hxg5 hxg5 26. g3 fxg3 27.
Bxg3 f4 28. Bf2 g4 29. Rg1 g3 30. Bf3 Bf5 31. d6 Rad8 32. Bc6 Rf8 33. d7 Kf7
34. Be1 Bxd7 35. Be4 Ke7 36. Kc2 Bf5 37. Bd5 Be6 38. Be4 a5 39. Bc3 f3 40. Rxg3
f2 {nyul resigns} 0-1

[Event "ICS rated blitz match"]
[Site "204.178.125.65"]
[Date "2000.10.14"]
[Round "?"]
[White "Hossa"]
[Black "nyul"]
[Result "1/2-1/2"]
[WhiteElo "2602"]
[BlackElo "2193"]
[PlyCount "226"]
[EventDate "2000.??.??"]

1. d4 d5 2. c4 e6 3. Nf3 Nf6 4. g3 Nbd7 5. cxd5 exd5 6. Nc3 c6 7. Bg2 Be7 8.
O-O O-O 9. Qc2 Re8 10. a3 Nf8 11. b4 a6 12. Bd2 Bd7 13. Ne5 Be6 14. Bf4 Qc8 15.
f3 Bh3 16. e4 dxe4 17. fxe4 Bxg2 18. Qxg2 Ng6 19. Nxg6 hxg6 20. e5 Nd7 21. Be3
Qc7 22. Qf3 Rf8 23. Qg4 Nb6 24. e6 fxe6 25. Qxe6+ Kh7 26. Qh3+ Kg8 27. Rxf8+
Rxf8 28. Qe6+ Kh7 29. Re1 Qd7 30. Qxd7 Nxd7 31. Na4 Bf6 32. Rf1 Re8 33. Kf2 b5
34. Nc5 Nxc5 35. dxc5 Bb2 36. Rb1 Be5 37. Rd1 Rf8+ 38. Kg2 Rf6 39. Bd4 Bxd4 40.
Rxd4 Kg8 41. Kh3 Rf3 42. Rd6 Rxa3 43. Rxg6 a5 44. bxa5 Rxa5 45. Rxc6 b4 46. Kg4
Rb5 47. Rb6 Rxc5 48. Rxb4 Kh7 49. Rf4 Rc7 50. h3 Ra7 51. Rf3 Ra4+ 52. Kg5 Ra5+
53. Rf5 Ra6 54. h4 Rb6 55. h5 Rb4 56. Ra5 Rb7 57. Rd5 Ra7 58. g4 Rb7 59. Rd6
Rb1 60. Re6 Ra1 61. Kf4 Rf1+ 62. Ke5 Re1+ 63. Kd5 Rd1+ 64. Kc4 Rd2 65. Kc3 Rd1
66. Ra6 Rd8 67. Rg6 Rd7 68. Kc4 Rd8 69. Rc6 Rd1 70. Rb6 Rd2 71. Kc5 Rd1 72. Rg6
Rd2 73. Kc6 Rd1 74. Kc7 Rd2 75. Kc8 Rd1 76. Kb7 Rd2 77. Kb6 Rc2 78. Kb5 Rc1 79.
Kb4 Rc2 80. Ka3 Rc1 81. Kb3 Rc8 82. Rg5 Rc7 83. Kb4 Rc8 84. Kb5 Rc1 85. Rg6 Rc2
86. Rd6 Rc1 87. Kb4 Rc2 88. Kb3 Rc1 89. Re6 Rc8 90. Rb6 Rc7 91. Kb2 Rc8 92. Re6
Rc7 93. Rd6 Rc4 94. Rg6 Rc8 95. Ra6 Rc4 96. Rg6 Rc8 97. Kb3 Rc7 98. Rb6 Rc8 99.
Kb4 Rc1 100. Re6 Rc2 101. Rg6 Rc1 102. Ka5 Rb1 103. Re6 Rb2 104. Rd6 Rb1 105.
Ka6 Rb2 106. Rd5 Rb4 107. g5 Rh4 108. h6 gxh6 109. gxh6 Rxh6+ 110. Kb5 Rg6 111.
Re5 Kh6 112. Rf5 Rg5 113. Rxg5 Kxg5 {
Game drawn because neither player has mating material} 1/2-1/2

[Event "ICS rated standard match"]
[Site "204.178.125.65"]
[Date "2000.10.14"]
[Round "?"]
[White "nitmo"]
[Black "Hossa"]
[Result "0-1"]
[WhiteElo "2001"]
[BlackElo "2399"]
[PlyCount "100"]
[EventDate "2000.??.??"]

1. e4 e6 2. d4 d5 3. e5 c5 4. c3 Nc6 5. Nf3 Qb6 6. Bd3 cxd4 7. cxd4 Bd7 8. O-O
Nxd4 9. Nxd4 Qxd4 10. Nc3 a6 11. Qe2 Ne7 12. Kh1 Nc6 13. f4 Nb4 14. Rf3 Nxd3
15. Rxd3 Qa7 16. Be3 b6 17. f5 Bc5 18. fxe6 fxe6 19. Qh5+ g6 20. Qh4 O-O 21.
Bh6 Rf5 22. Rf3 Rxf3 23. gxf3 Bc6 24. Qf6 Qf7 25. h4 Qxf6 26. exf6 Kf7 27. Bg7
Bf2 28. h5 gxh5 29. Kg2 Bd4 30. Rh1 Rg8 31. Kf1 Bxf6 32. Bxf6 Kxf6 33. Rxh5 Rh8
34. Rh6+ Ke5 35. Ne2 Bb5 36. f4+ Kf5 37. Rh5+ Kg6 38. Re5 Kf6 39. Kf2 Bxe2 40.
Kxe2 h5 41. Kf3 h4 42. Re2 h3 43. Kg3 Rh6 44. Kh2 Kf5 45. Rc2 Kxf4 46. Rc6 d4
47. Rxb6 a5 48. b4 axb4 49. Rxb4 Ke3 50. a4 d3 {nitmo resigns} 0-1

[Event "ICS rated standard match"]
[Site "204.178.125.65"]
[Date "2000.10.14"]
[Round "?"]
[White "counterplay"]
[Black "Hossa"]
[Result "1-0"]
[WhiteElo "2558"]
[BlackElo "2402"]
[PlyCount "69"]
[EventDate "2000.??.??"]

1. e4 c5 2. Nf3 d6 3. d4 cxd4 4. Nxd4 e5 5. Bb5+ Nd7 6. Nf5 Ngf6 7. Nxd6+ Bxd6
8. Qxd6 Qe7 9. Qxe7+ Kxe7 10. Nc3 Rd8 11. O-O Nc5 12. f4 Nfxe4 13. fxe5 Nxc3
14. Bg5+ Kf8 15. bxc3 f6 16. exf6 Rd5 17. fxg7+ Kxg7 18. Bf6+ Kh6 19. Be7 Ne4
20. Bd3 Nxc3 21. Rf7 Rxd3 22. cxd3 Kg6 23. Raf1 Nd5 24. Bf8 b5 25. Rg7+ Kh5 26.
Rxh7+ Kg4 27. h3+ Kg5 28. h4+ Kg4 29. Rg7+ Kh5 30. g3 Kh6 31. Rg5+ Kh7 32. Rf7+
Kh8 33. Bd6 Nf6 34. Be5 Bf5 35. Bxf6# {Hossa checkmated} 1-0